MDQL
is popping MORE tags! Check the
thread
!
Quizzes
Events
Quiz Creation
Community
Videos
Private Events
Remove Ads
Sign In
Join for FREE
Feedback
Dark Mode
Quiz Categories
Sports
Geography
Music
Movies
Television
Just For Fun
Miscellaneous
History
Literature
Language
Science
Gaming
Entertainment
Religion
Holiday
For Kids
Quiz Lab
Recent
Popular Today
Quiz Kudos Today
Editor Picks
Curator Picks
Quizzes by...
Day
Popularity
Type
Ratings
Length
Year
Community
Subscriptions
Recent Discussions
Orange Saloon
Badges
Playlists
Quests
Create
Leaderboards
Showdown
Live 5
Trivia Bingo
Activity
Puzzle Library
Sporcle Events
Private Events
Virtual Trivia
Globe League
Become a Host
Pub Owners
SporcleCon
Opinionation
Our Games
Videos
Blog
Mobile Apps
Partnerships
Remove Ads and Go Orange
Feedback
Television
TV Characters
TV Show
Sitcom
Network
Friends
Reality Shows
Cast
South Park
Star Trek
The Simpsons
Doctor Who
Television
TV Characters
TV Show
Sitcom
Network
Friends
Reality Shows
Cast
South Park
Star Trek
The Simpsons
Doctor Who
Random Quiz
Search Sporcle
×
Quiz Lab
Quiz Lab
Television
rush
Type in answers that appear in a list
Type in answers that appear in a list
Classic
Best Score? Go Orange.
Big Time Rush Characters Stats
Can you name the Big Time Rush Characters?
By
jerzfam9
4m
11 Questions
504 Plays
504 Plays
504 Plays
Comments
Comments
Give Quiz Kudos
Give Quiz Kudos
-
- Ratings
hide this ad
Replay
Link that replays current quiz
Next Quiz
Link to next quiz in quiz playlist
You Got
0%
They Got
Avg Score
71%
Avg Friend Score
Upgrade to see
Score Distribution
Jump to the score distribution portion of the page
Score
0/11
Timer
04:00
0
Plays Today
% Correct
James
98.8%
Carlos
97.4%
Logan
96.8%
Kendall
94.2%
Katie
84.9%
kelly
82.5%
gustavo
81.5%
camille
55.8%
tyler
40.9%
the jennifers
32.1%
ms knight
23%
Quiz Playlist
Details
Report
Send in Message
Add To Playlist
Classic:
Type in answers that appear in a list
Last Updated: Feb 16, 2017
Quiz Scoreboard
CHALLENGE
Sign Up to Join the Scoreboard
Show All
Scores
Hide
Comments
May contain spoilers
Recently Published
Colored Red Africa Blitz
by spor1
Geography
30s
Find the 'City' Movie
by crazypaving
Movies
60s
5x2 Blitz: Bands
by SL_Kpop136
Music
30s
More to Explore
Quiz From the Vault
Featured Blog Post
14 Easter Pick-up Lines to Find Eggs With
hide this ad
You Might Also Like...
Tags
Big Time
Character
rush
Today's Top Quizzes in Television
Browse Television
hide this ad
Today's Top Quizzes in rush
Browse rush
Top Contributed Quizzes in Television
1
Survivor Journey Challenge
2
Brooklyn Nine Nine Logic Puzzle (How-To-Play)
3
Phoebe Buffay Quotes
4
Survivor Trivia
5
Survivor Logic Puzzle: Heroes vs. Villains
6
One Tree Hill Logic Puzzle
7
Survivor Heroes vs. Villains Logic Puzzle
8
All US Survivor Seasons in Order
9
Game of Thrones: Tywin Lannister Start to Finish
10
Emmerdale Characters (from August 2012)
Explore More
Trending Topics
Disney
Harry Potter
Anime
NBA
Marvel
Crossword
Kpop
Pokémon
Country
NFL
WWE
Puzzle
Song
Soccer
The Office
hide this ad
More By:
jerzfam9
Quiz
Plays
Rating
Category
Featured
Created
Big Time rush songs from their album
764
1.00
Entertainment
Oct 15, 2010
Big Time Rush Characters
504
1.00
Television
Jun 25, 2010
Rides in Disney Worlds Magic Kingdom
156
1.00
Just For Fun
Jul 25, 2010
Name the four Disney Parks
96
1.00
Just For Fun
Jul 25, 2010
New Jersey Devil by their number 09-10
62
Sports
May 24, 2010
Go to Creator's Profile
Score Distribution
Quiz Creator Spotlight
jerzfam9
Follow
Send a Message
Quizzes Created
-
Created Quiz Play Count
-
More By This Creator
Popular Quizzes Today
1
Colored Red Africa Blitz
2
Find the 'City' Movie
3
5x2 Blitz: Bands
4
Find the US States - No Outlines Minefield
5
The Countries of the World
6
Find the US States
7
US States
8
Find the Countries of Europe - No Outlines Minefield
More Television Quizzes
TV Show Family Surnames 1950s 60s 70s
Editor's Pick
Trending Quizzes
Colored Red Europe Blitz I
Colored Red Europe Blitz II
Colored Red Africa Blitz II
Colored Red Europe Blitz III
Colored Red Africa Blitz III
Recently Updated
How Do You Spell That?
pecheneg
Godzilla Movies
pecheneg
Grab Bag: 4-10 Letters
pecheneg
2024 March Madness Bracket
pecheneg
Famous TV Couples
Peacemaker
Champions League XIs: Real Madrid
pecheneg
Largest US Cities 1790-2010
pecheneg
Rides in Walt Disney World
pecheneg
Most Oscar Losses (Acting)
pecheneg
Beyoncé Albums
pecheneg
Trending Topics
Marvel
Disney
Harry Potter
Kpop
NBA
Anime
Crossword
Song
Pokémon
Puzzle
Soccer
WWE
The Office
Country
NFL
Your Account Isn't Verified!
In order to create a playlist on Sporcle, you need to verify the email address you used during registration. Go to your
Sporcle Settings
to finish the process.
Report this User
Report this user for behavior that violates our
Community Guidelines
.
Details:
Send Report
Go to the Sporcle.com Mobile Site →
Comments